Loading...
| Beliefs | 7 | 14.29 | 29% | 43% | 71% |
| Fine Arts - Classical Music and Opera | 5 | 16.00 | 60% | 60% | 40% |
| Fine Arts - Other | 9 | 14.44 | 22% | 67% | 56% |
| Fine Arts - Visual | 5 | 16.00 | 60% | 60% | 40% |
| Geography | 3 | 13.33 | 67% | 33% | 33% |
| History - European | 8 | 12.50 | 63% | 38% | 25% |
| History - Other | 3 | 20.00 | 67% | 67% | 67% |
| History - US | 7 | 12.86 | 43% | 29% | 57% |
| History - World | 4 | 17.50 | 25% | 75% | 75% |
| Literature - American | 4 | 15.00 | 75% | 0% | 75% |
| Literature - British | 3 | 10.00 | 0% | 67% | 33% |
| Literature - European | 8 | 15.00 | 50% | 38% | 63% |
| Literature - World | 4 | 12.50 | 50% | 25% | 50% |
| Modern World | 2 | 15.00 | 0% | 100% | 50% |
| Philosophy | 4 | 17.50 | 25% | 75% | 75% |
| Science - Biology | 4 | 20.00 | 25% | 100% | 75% |
| Science - Chemistry | 5 | 12.00 | 40% | 20% | 60% |
| Science - Earth | 2 | 20.00 | 100% | 0% | 100% |
| Science - Other | 6 | 10.00 | 33% | 33% | 33% |
| Science - Physics | 7 | 15.71 | 43% | 43% | 71% |
| Social Science | 10 | 14.00 | 50% | 40% | 50% |